00773nam a22002057a 450000500170000000800410001702000230005804000140008104100080009508200160010310000170011924500350013625000190017126000490019030000480023949000560028750001600034365000450050365000190054820231010112343.0220530b sa ||||| |||| 00| 0 eng d a9781775612445qpbk ardac3228 2ZUL aZUL JF MOST aTim Mostert. aMasonge amanzi /cTim Mostert. aFirst edition. aCenturion : bQualibooks Publishing,c 2018. a 15 pages : bcolor illustrations ; c21 cm aLearn with Speedy Mostert, Tim. Learn with Speedy. aZulu translation from the English of: Let's save water. Centurion : Qualibooks Publishing, 2018. Also available in other official South African languages. aWater conservation. v Juvenile works.  vPicture books.